| 000 | 00471nam a22001577a 4500 | ||
|---|---|---|---|
| 003 | OSt | ||
| 005 | 20220406092357.0 | ||
| 008 | 220405b |||||||| |||| 00| 0 eng d | ||
| 020 | _a0838513514 | ||
| 040 | _cHU | ||
| 082 | _a612.13 CUR 1995 | ||
| 245 |
_aCurrent Diagnosis & Treatment in Vasclar Surgery: _crichard h. dean, james s.t. & david ccc. brewster |
||
| 260 |
_aNORWALK _bAPPLETON & LANGE _c1995 |
||
| 300 |
_aXIV, 461P. INDEX _bILL _c26CM. |
||
| 942 |
_2ddc _cBOOKS _n0 |
||
| 999 |
_c34373 _d34373 |
||